[Event "ROM-ch U14"]
[Site "Calimanesti Caciulata"]
[Date "2016.04.22"]
[Round "6"]
[White "Chiscop, Ioan"]
[Black "Lungu, Cristian"]
[Result "1-0"]
[WhiteElo "1307"]
[BlackElo "1512"]
[PlyCount "45"]
[EventDate "2016.04.18"]
[EventType "swiss"]
[EventRounds "9"]
[EventCountry "ROU"]
[SourceTitle "CBM 172 Extra"]
[Source "ChessBase"]
[SourceDate "2016.06.21"]
[SourceVersion "1"]
[SourceVersionDate "2016.06.21"]
[SourceQuality "1"]

1. e4 c5 2. Nf3 e6 3. d4 cxd4 4. Nxd4 Nc6 5. Nc3 Qc7 6. Nxc6 bxc6 7. Bd3 Nf6 8. 0-0 a6 9. Re1 e5 10. Bg5 Be7 11. Qd2 Rb8 12. Rab1 0-0 13. f4 d6 14. f5 Bb7 15. Re3 d5 16. Rg3 Rfd8 17. Bxf6 Bxf6 18. Qh6 d4 19. Qxf6 g6 20. fxg6 fxg6 21. Bc4+ Rd5 22. exd5 cxd5 23. Nxd5 1-0

[Event "ROM-ch U14"]
[Site "Calimanesti Caciulata"]
[Date "2016.04.21"]
[Round "5"]
[White "Cojocaru, Vlad Gabriel"]
[Black "Chiscop, Ioan"]
[Result "0-1"]
[WhiteElo "1001"]
[BlackElo "1307"]
[PlyCount "80"]
[EventDate "2016.04.18"]
[EventType "swiss"]
[EventRounds "9"]
[EventCountry "ROU"]
[SourceTitle "CBM 172 Extra"]
[Source "ChessBase"]
[SourceDate "2016.06.21"]
[SourceVersion "1"]
[SourceVersionDate "2016.06.21"]
[SourceQuality "1"]

1. d4 Nf6 2. Nc3 d5 3. Nf3 e6 4. e3 Bd6 5. Bd2 Ne4 6. Bd3 f5 7. Bxe4 fxe4 8. Ne5 Nd7 9. f4 Bxe5 10. Qe2 Bf6 11. Qh5+ Ke7 12. Nb5 b6 13. Bb4+ c5 14. Bc3 Ba6 15. dxc5 Bxc3+ 16. Nxc3 Nxc5 17. Qg5+ Kd7 18. Qxg7+ Kc8 19. Qg4 Rg8 20. Qh3 b5 21. 0-0-0 Kb7 22. Qxh7+ Qc7 23. Qxc7+ Kxc7 24. g3 b4 25. Nb1 Be2 26. Rd2 Bf3 27. f5 Bxh1 28. fxe6 Nxe6 29. Rxd5 Rad8 30. Re5 Bf3 31. c3 Rd6 32. Ra5 Kb6 33. cxb4 Rc8+ 34. Nc3 Rd3 35. Kc2 Rxe3 36. Re5 Nd4+ 37. Kc1 Rd3 38. Kb1 Ne2 39. Nxe2 Rd1+ 40. Nc1 Rcxc1# 0-1